000 00573nam a22001812 4500
001 0000005384
005 20151217155827.0
008 070612s xx 000 0 eng d
040 _aKABU
_cKABU
050 0 _aZ858
_b.K33M85
100 1 _aMulaa, Ngayo Edyth.
_@0000156673
245 1 2 _aA Report on industrial attachment conducted at Kabarak University Library as from 5th June to 28th July 2006.
300 _a 23 leaves.
610 2 0 _aKabarak University Library.
_@0000156666
908 _a070612
950 _@1
999 _c12971
_d12971